[Event "T-Director's Swiss sytem"]
[Site "playchess.com #662980"]
[Date "2014.03.16"]
[Round "4"]
[White "Laxman"]
[Black "Papadosor"]
[Result "1-0"]
[WhiteElo "2577"]
[BlackElo "2381"]
[PlyCount "65"]
[EventDate "2014.03.16"]
[EventType "swiss (blitz)"]

1. d4 {[%emt 0:00:11]} Nf6 {[%emt 0:00:02]} 2. c4 {[%emt 0:00:03]} g6 {[%emt 0:
00:01]} 3. Nc3 {[%emt 0:00:01]} Bg7 {[%emt 0:00:01]} 4. e4 {[%emt 0:00:04]} d6
{[%emt 0:00:01]} 5. h3 {[%emt 0:00:01]} O-O {[%emt 0:00:02]} 6. Bg5 {[%emt 0:
00:01]} c5 {[%emt 0:00:26]} 7. d5 {[%emt 0:00:02]} e6 {[%emt 0:00:20]} 8. Bd3 {
[%emt 0:00:11]} exd5 {[%emt 0:00:03]} 9. exd5 {[%emt 0:00:01]} Nbd7 {[%emt 0:
00:03]} 10. Nf3 {[%emt 0:00:02]} Re8+ {[%emt 0:00:05]} 11. Be3 {[%emt 0:00:01]}
Nh5 {[%emt 0:00:08]} 12. O-O {[%emt 0:00:04]} Ne5 {[%emt 0:00:01]} 13. Nxe5 {
[%emt 0:00:03]} Bxe5 {[%emt 0:00:01]} 14. Qd2 {[%emt 0:00:02]} a6 {[%emt 0:00:
02]} 15. a4 {[%emt 0:00:01]} Bd7 {[%emt 0:00:22] Papadosor offers a draw} 16.
Kh1 {[%emt 0:00:35]} Qh4 {[%emt 0:00:19]} 17. Bg5 {[%emt 0:00:06]} Bf4 {[%emt
0:00:20]} 18. Bxh4 {[%emt 0:00:11]} Bxd2 {[%emt 0:00:01]} 19. Ne4 {[%emt 0:00:
02]} Bf4 {[%emt 0:00:32]} 20. b3 {[%emt 0:00:33]} f5 {[%emt 0:00:06]} 21. Nf6+
{[%emt 0:00:18]} Nxf6 {[%emt 0:00:04]} 22. Bxf6 {[%emt 0:00:00]} Kf7 {[%emt 0:
00:01]} 23. Bc3 {[%emt 0:00:01]} Be5 {[%emt 0:00:02]} 24. Bxe5 {[%emt 0:00:05]}
Rxe5 {[%emt 0:00:02]} 25. a5 {[%emt 0:00:05]} f4 {[%emt 0:00:22]} 26. f3 {
[%emt 0:00:01]} Kf6 {[%emt 0:00:02]} 27. Rab1 {[%emt 0:00:02]} Bf5 {[%emt 0:00:
05]} 28. Bxf5 {[%emt 0:00:02]} Kxf5 {[%emt 0:00:01]} 29. b4 {[%emt 0:00:00]}
cxb4 {[%emt 0:00:12]} 30. Rxb4 {[%emt 0:00:01]} Rc8 {[%emt 0:00:01]} 31. h4 {
[%emt 0:00:27]} Rc5 {[%emt 0:00:04]} 32. Rxb7 {[%emt 0:00:03]} Rxc4 {[%emt 0:
00:04]} 33. Rf7# {[%emt 0:00:01]} 1-0

[Event "T-Director's Swiss sytem"]
[Site "playchess.com #662980"]
[Date "2014.03.16"]
[Round "8"]
[White "Laxman"]
[Black "kakdela"]
[Result "1/2-1/2"]
[WhiteElo "2588"]
[BlackElo "2448"]
[PlyCount "161"]
[EventDate "2014.03.16"]
[EventType "swiss (blitz)"]

1. d4 {[%emt 0:00:01]} Nf6 {[%emt 0:00:01]} 2. c4 {[%emt 0:00:00]} g6 {[%emt 0:
00:00]} 3. Nc3 {[%emt 0:00:01]} Bg7 {[%emt 0:00:00]} 4. e4 {[%emt 0:00:01]} d6
{[%emt 0:00:01]} 5. h3 {[%emt 0:00:02]} O-O {[%emt 0:00:01]} 6. Bg5 {[%emt 0:
00:01]} Qe8 {[%emt 0:00:02]} 7. Nf3 {[%emt 0:00:05]} e5 {[%emt 0:00:02]} 8. d5
{[%emt 0:00:01]} Na6 {[%emt 0:00:01]} 9. Bd3 {[%emt 0:00:05]} Nc5 {[%emt 0:00:
02]} 10. Bc2 {[%emt 0:00:01]} a5 {[%emt 0:00:01]} 11. Qe2 {[%emt 0:00:10]} c6 {
[%emt 0:00:04]} 12. O-O-O {[%emt 0:00:04]} cxd5 {[%emt 0:00:02]} 13. Bxf6 {
[%emt 0:00:01]} Bxf6 {[%emt 0:00:06]} 14. Nxd5 {[%emt 0:00:01]} Bd8 {[%emt 0:
00:01]} 15. Qe3 {[%emt 0:00:06]} Ne6 {[%emt 0:00:03]} 16. h4 {[%emt 0:00:02]}
f5 {[%emt 0:00:08]} 17. exf5 {[%emt 0:00:09]} gxf5 {[%emt 0:00:01]} 18. Nb6 {
[%emt 0:00:11]} Bxb6 {[%emt 0:00:23]} 19. Qxb6 {[%emt 0:00:02]} Ra6 {[%emt 0:
00:00]} 20. Qe3 {[%emt 0:00:01]} b5 {[%emt 0:00:04]} 21. cxb5 {[%emt 0:00:22]}
Qxb5 {[%emt 0:00:00]} 22. Kb1 {[%emt 0:00:06]} Rb6 {[%emt 0:00:04]} 23. Qa3 {
[%emt 0:00:08]} Nc5 {[%emt 0:00:13]} 24. Rh3 {[%emt 0:00:33]} Be6 {[%emt 0:00:
06]} 25. Rg3+ {[%emt 0:00:03]} Kh8 {[%emt 0:00:06]} 26. Ng5 {[%emt 0:00:05]}
Bg8 {[%emt 0:00:03]} 27. f4 {[%emt 0:00:03]} Rfb8 {[%emt 0:00:04]} 28. fxe5 {
[%emt 0:00:41]} Qxb2+ {[%emt 0:00:07]} 29. Qxb2 {[%emt 0:00:01]} Rxb2+ {[%emt
0:00:00]} 30. Kc1 {[%emt 0:00:00]} Rxa2 {[%emt 0:00:22]} 31. Rxd6 {[%emt 0:00:
14]} Rc8 {[%emt 0:00:17]} 32. Kd1 {[%emt 0:00:12]} Rxc2 {[%emt 0:00:02]} 33. e6
{[%emt 0:00:13]} Na4 {[%emt 0:02:08]} 34. Rd7 {[%emt 0:00:09]} Nb2+ {[%emt 0:
00:24]} 35. Ke1 {[%emt 0:00:01]} Rc1+ {[%emt 0:00:02]} 36. Ke2 {[%emt 0:00:06]}
R8c2+ {[%emt 0:00:02]} 37. Ke3 {[%emt 0:00:07]} Rc3+ {[%emt 0:00:28]} 38. Kf4 {
[%emt 0:00:01]} Rxg3 {[%emt 0:00:01]} 39. Kxg3 {[%emt 0:00:01]} Re1 {[%emt 0:
00:02]} 40. e7 {[%emt 0:00:06]} Nc4 {[%emt 0:00:04]} 41. h5 {[%emt 0:00:12]} h6
{[%emt 0:00:05]} 42. Nh3 {[%emt 0:00:01]} Re3+ {[%emt 0:00:01]} 43. Kf2 {[%emt
0:00:01]} Re4 {[%emt 0:00:01]} 44. g3 {[%emt 0:00:02]} Ne5 {[%emt 0:00:01]} 45.
Rc7 {[%emt 0:00:04]} Ng4+ {[%emt 0:00:01]} 46. Kf1 {[%emt 0:00:01]} Nf6 {[%emt
0:00:02]} 47. Nf4 {[%emt 0:00:01]} Bf7 {[%emt 0:00:02]} 48. Ra7 {[%emt 0:00:08]
} Nxh5 {[%emt 0:00:02]} 49. Nd3 {[%emt 0:00:23]} Nxg3+ {[%emt 0:00:22]} 50. Kf2
{[%emt 0:00:01]} f4 {[%emt 0:00:03]} 51. Nc5 {[%emt 0:00:05]} Re2+ {[%emt 0:00:
03]} 52. Kf3 {[%emt 0:00:01]} Kg7 {[%emt 0:00:01]} 53. Kxf4 {[%emt 0:00:03]}
Nh5+ {[%emt 0:00:01]} 54. Kf3 {[%emt 0:00:01]} Re5 {[%emt 0:00:01]} 55. Nd3 {
[%emt 0:00:03]} Re6 {[%emt 0:00:01]} 56. Nc5 {[%emt 0:00:02]} Re5 {[%emt 0:00:
01]} 57. Nd3 {[%emt 0:00:01]} Rf5+ {[%emt 0:00:02]} 58. Ke4 {[%emt 0:00:03]}
Kg6 {[%emt 0:00:01]} 59. Ne5+ {[%emt 0:00:04]} Rxe5+ {[%emt 0:00:01]} 60. Kxe5
{[%emt 0:00:01]} Ng7 {[%emt 0:00:00]} 61. Ra6+ {[%emt 0:00:02]} Kg5 {[%emt 0:
00:01]} 62. Rxa5 {[%emt 0:00:02]} Ne8 {[%emt 0:00:01]} 63. Ra1 {[%emt 0:00:03]}
h5 {[%emt 0:00:01]} 64. Rg1+ {[%emt 0:00:00]} Kh6 {[%emt 0:00:01]} 65. Rf1 {
[%emt 0:00:02]} Bg6 {[%emt 0:00:01]} 66. Rf8 {[%emt 0:00:02]} Kg5 {[%emt 0:00:
01]} 67. Kd4 {[%emt 0:00:04]} h4 {[%emt 0:00:01]} 68. Ke3 {[%emt 0:00:00]} Nf6
{[%emt 0:00:02]} 69. Kf2 {[%emt 0:00:02]} Ng4+ {[%emt 0:00:02]} 70. Kg1 {[%emt
0:00:01]} Nf6 {[%emt 0:00:00]} 71. Rh8 {[%emt 0:00:02]} Ne8 {[%emt 0:00:02]}
72. Kh2 {[%emt 0:00:02]} Kg4 {[%emt 0:00:01]} 73. Rg8 {[%emt 0:00:02]} Kg5 {
[%emt 0:00:01]} 74. Rh8 {[%emt 0:00:01]} Nf6 {[%emt 0:00:01]} 75. Kh3 {[%emt 0:
00:06]} Bf5+ {[%emt 0:00:01]} 76. Kg2 {[%emt 0:00:02]} Bd7 {[%emt 0:00:01]} 77.
Kh2 {[%emt 0:00:03]} Ng4+ {[%emt 0:00:01]} 78. Kh3 {[%emt 0:00:05]} Nf6+ {
[%emt 0:00:06]} 79. Kh2 {[%emt 0:00:01]} Kg4 {[%emt 0:00:03]} 80. Rf8 {[%emt 0:
00:03]} Kg5 {[%emt 0:00:02]} 81. Rh8 {[%emt 0:00:01]} 1/2-1/2

[Event "T-Director's Swiss sytem"]
[Site "playchess.com #662980"]
[Date "2014.03.16"]
[Round "1"]
[White "Lerroi"]
[Black "Erkin Karaokcu"]
[Result "0-1"]
[WhiteElo "1324"]
[BlackElo "1940"]
[PlyCount "74"]
[EventDate "2014.03.16"]
[EventType "swiss (blitz)"]

1. e4 {[%emt 0:00:02]} c5 {[%emt 0:00:02]} 2. Nf3 {[%emt 0:00:02]} e6 {[%emt 0:
00:00]} 3. d4 {[%emt 0:00:01]} cxd4 {[%emt 0:00:00]} 4. Nxd4 {[%emt 0:00:01]}
a6 {[%emt 0:00:00]} 5. c3 {[%emt 0:00:02]} Qc7 {[%emt 0:00:06]} 6. Bd3 {[%emt
0:00:03]} Nf6 {[%emt 0:00:03]} 7. Bg5 {[%emt 0:00:03]} Be7 {[%emt 0:00:07]} 8.
Bxf6 {[%emt 0:00:02]} Bxf6 {[%emt 0:00:02]} 9. O-O {[%emt 0:00:01]} d6 {[%emt
0:00:01]} 10. Nd2 {[%emt 0:00:04]} Nd7 {[%emt 0:00:01]} 11. N2f3 {[%emt 0:00:
01]} b6 {[%emt 0:00:13]} 12. Rc1 {[%emt 0:00:02]} Bb7 {[%emt 0:00:01]} 13. Bb1
{[%emt 0:00:03]} b5 {[%emt 0:00:11]} 14. h3 {[%emt 0:00:05]} Rc8 {[%emt 0:00:
04]} 15. Nh2 {[%emt 0:00:02]} Nc5 {[%emt 0:00:04]} 16. Qe2 {[%emt 0:00:08]} d5
{[%emt 0:00:14]} 17. exd5 {[%emt 0:00:07]} Bxd5 {[%emt 0:00:00]} 18. Ng4 {
[%emt 0:00:05]} Be7 {[%emt 0:00:06]} 19. Rfe1 {[%emt 0:00:08]} O-O {[%emt 0:00:
02]} 20. b3 {[%emt 0:00:07]} Qb7 {[%emt 0:00:14]} 21. Ne3 {[%emt 0:00:06]} Be4
{[%emt 0:00:07]} 22. Bxe4 {[%emt 0:00:12]} Nxe4 {[%emt 0:00:00]} 23. Qd3 {
[%emt 0:00:09]} Rfd8 {[%emt 0:00:07]} 24. Ng4 {[%emt 0:00:04]} Nf6 {[%emt 0:00:
09]} 25. Qg3 {[%emt 0:00:13]} Nxg4 {[%emt 0:00:03]} 26. Qxg4 {[%emt 0:00:02]}
Bf6 {[%emt 0:00:01]} 27. h4 {[%emt 0:00:21]} g6 {[%emt 0:00:26]} 28. h5 {[%emt
0:00:05]} Qd5 {[%emt 0:00:06]} 29. hxg6 {[%emt 0:00:04]} hxg6 {[%emt 0:00:01]}
30. Red1 {[%emt 0:00:08]} Qg5 {[%emt 0:00:19]} 31. Qe4 {[%emt 0:00:18]} Bxd4 {
[%emt 0:00:39]} 32. Rc2 {[%emt 0:00:21]} Bxf2+ {[%emt 0:00:10]} 33. Kxf2 {
[%emt 0:00:09]} Rxd1 {[%emt 0:00:04]} 34. c4 {[%emt 0:00:06]} Qf6+ {[%emt 0:00:
09]} 35. Kg3 {[%emt 0:00:18]} Rc5 {[%emt 0:00:06]} 36. cxb5 {[%emt 0:00:31]}
Rg5+ {[%emt 0:00:22]} 37. Kh4 {[%emt 0:00:10]} Rh1# {[%emt 0:00:04]} 0-1

[Event "T-Director's Swiss sytem"]
[Site "playchess.com #662980"]
[Date "2014.03.16"]
[Round "4"]
[White "Lerroi"]
[Black "Tudorache M"]
[Result "0-1"]
[WhiteElo "1294"]
[BlackElo "1816"]
[PlyCount "130"]
[EventDate "2014.03.16"]
[EventType "swiss (blitz)"]

1. e4 {[%emt 0:00:01]} c5 {[%emt 0:00:01]} 2. Nf3 {[%emt 0:00:03]} Nc6 {[%emt
0:00:01]} 3. d4 {[%emt 0:00:01]} cxd4 {[%emt 0:00:00]} 4. Nxd4 {[%emt 0:00:01]}
Nf6 {[%emt 0:00:00]} 5. Nc3 {[%emt 0:00:01]} e5 {[%emt 0:00:01]} 6. Nf3 {[%emt
0:00:02]} Bb4 {[%emt 0:00:02]} 7. Bd3 {[%emt 0:00:04]} d5 {[%emt 0:00:02]} 8.
exd5 {[%emt 0:00:02]} Nxd5 {[%emt 0:00:00]} 9. Bd2 {[%emt 0:00:03]} Nxc3 {
[%emt 0:00:01]} 10. Bxc3 {[%emt 0:00:02]} Bxc3+ {[%emt 0:00:01]} 11. bxc3 {
[%emt 0:00:02]} O-O {[%emt 0:00:01]} 12. O-O {[%emt 0:00:02]} Kh8 {[%emt 0:00:
07]} 13. Qe2 {[%emt 0:00:05]} Re8 {[%emt 0:00:08]} 14. Rfe1 {[%emt 0:00:10]}
Qc7 {[%emt 0:00:04]} 15. c4 {[%emt 0:00:04]} f5 {[%emt 0:00:03]} 16. Ng5 {
[%emt 0:00:14]} e4 {[%emt 0:00:03]} 17. Qh5 {[%emt 0:00:09]} g6 {[%emt 0:00:04]
} 18. Qh6 {[%emt 0:00:11]} Bd7 {[%emt 0:00:03]} 19. Be2 {[%emt 0:00:06]} Be6 {
[%emt 0:00:04]} 20. h4 {[%emt 0:00:06]} Qg7 {[%emt 0:00:03]} 21. Qxg7+ {[%emt
0:00:03]} Kxg7 {[%emt 0:00:00]} 22. f3 {[%emt 0:00:03]} Nd4 {[%emt 0:00:05]}
23. fxe4 {[%emt 0:00:05]} Nxc2 {[%emt 0:00:04]} 24. exf5 {[%emt 0:00:05]} Bxf5
{[%emt 0:00:03]} 25. Rab1 {[%emt 0:00:25]} Nxe1 {[%emt 0:00:07]} 26. Rxb7+ {
[%emt 0:00:02]} Kg8 {[%emt 0:00:05]} 27. Bf1 {[%emt 0:00:12]} Nc2 {[%emt 0:00:
06]} 28. c5 {[%emt 0:00:07]} Nd4 {[%emt 0:00:26]} 29. Nxh7 {[%emt 0:00:04]}
Reb8 {[%emt 0:00:10]} 30. Nf6+ {[%emt 0:00:02]} Kf8 {[%emt 0:00:02]} 31. Nh7+ {
[%emt 0:00:16]} Ke8 {[%emt 0:00:07]} 32. Rg7 {[%emt 0:00:13]} Ne6 {[%emt 0:00:
07]} 33. Nf6+ {[%emt 0:00:06]} Kd8 {[%emt 0:00:02]} 34. Rd7+ {[%emt 0:00:17]}
Kc8 {[%emt 0:00:01]} 35. Ba6+ {[%emt 0:00:01]} Rb7 {[%emt 0:00:01]} 36. Bxb7+ {
[%emt 0:00:02]} Kb8 {[%emt 0:00:01]} 37. Bxa8 {[%emt 0:00:02]} Kxa8 {[%emt 0:
00:06]} 38. c6 {[%emt 0:00:02]} Kb8 {[%emt 0:00:13]} 39. Rb7+ {[%emt 0:00:08]}
Kc8 {[%emt 0:00:04]} 40. Nd5 {[%emt 0:00:03]} Be4 {[%emt 0:00:22]} 41. Ne7+ {
[%emt 0:00:06]} Kd8 {[%emt 0:00:01]} 42. Rxa7 {[%emt 0:00:03]} Nc7 {[%emt 0:00:
04]} 43. Ng8 {[%emt 0:00:13]} Bxc6 {[%emt 0:00:16]} 44. Nf6 {[%emt 0:00:03]}
Nb5 {[%emt 0:00:24]} 45. Rd7+ {[%emt 0:00:10]} Bxd7 {[%emt 0:00:04]} 46. g4 {
[%emt 0:00:03]} Ke7 {[%emt 0:00:04]} 47. g5 {[%emt 0:00:10]} Be6 {[%emt 0:00:
05]} 48. a4 {[%emt 0:00:04]} Nd4 {[%emt 0:00:06]} 49. Kf2 {[%emt 0:00:08]} Nf5
{[%emt 0:00:04]} 50. h5 {[%emt 0:00:01]} gxh5 {[%emt 0:00:04]} 51. Nxh5 {[%emt
0:00:01]} Bc4 {[%emt 0:00:09]} 52. Kf3 {[%emt 0:00:05]} Nd6 {[%emt 0:00:01]}
53. Ke3 {[%emt 0:00:02]} Kf7 {[%emt 0:00:02]} 54. Nf4 {[%emt 0:00:06]} Nb7 {
[%emt 0:00:09]} 55. Kd4 {[%emt 0:00:03]} Bb3 {[%emt 0:00:02]} 56. Ke5 {[%emt 0:
00:23]} Bxa4 {[%emt 0:00:02]} 57. g6+ {[%emt 0:00:01]} Kg8 {[%emt 0:00:02]} 58.
Kf6 {[%emt 0:00:06]} Nc5 {[%emt 0:00:09]} 59. Ne6 {[%emt 0:00:11]} Ne4+ {[%emt
0:00:02]} 60. Kf5 {[%emt 0:00:02]} Ng3+ {[%emt 0:00:02]} 61. Kg5 {[%emt 0:00:
04]} Bd7 {[%emt 0:00:04]} 62. Nf4 {[%emt 0:00:07]} Ne4+ {[%emt 0:00:06]} 63.
Kh6 {[%emt 0:00:06]} Bf5 {[%emt 0:00:08]} 64. g7 {[%emt 0:00:02]} Nd6 {[%emt 0:
00:09]} 65. Nh5 {[%emt 0:00:02]} Nf7# {[%emt 0:00:54]} 0-1

[Event "T-Director's Swiss sytem"]
[Site "playchess.com #662980"]
[Date "2014.03.16"]
[Round "4"]
[White "LovePoetry"]
[Black "Jobito"]
[Result "0-1"]
[WhiteElo "1682"]
[BlackElo "1584"]
[PlyCount "86"]
[EventDate "2014.03.16"]
[EventType "swiss (blitz)"]

1. e4 {[%emt 0:00:02]} c5 {[%emt 0:00:01]} 2. Nf3 {[%emt 0:00:04]} d6 {[%emt 0:
00:01]} 3. d4 {[%emt 0:00:02]} cxd4 {[%emt 0:00:01]} 4. Nxd4 {[%emt 0:00:02]}
Nf6 {[%emt 0:00:02]} 5. Nc3 {[%emt 0:00:01]} a6 {[%emt 0:00:01]} 6. Be3 {[%emt
0:00:04]} e6 {[%emt 0:00:01]} 7. f3 {[%emt 0:00:12]} Nbd7 {[%emt 0:00:01]} 8.
a4 {[%emt 0:00:08]} Be7 {[%emt 0:00:04]} 9. Bc4 {[%emt 0:00:06]} Qc7 {[%emt 0:
00:03]} 10. Bb3 {[%emt 0:00:02]} Nc5 {[%emt 0:00:01]} 11. O-O {[%emt 0:00:05]}
Nxb3 {[%emt 0:00:03]} 12. Nxb3 {[%emt 0:00:01]} O-O {[%emt 0:00:02]} 13. a5 {
[%emt 0:00:02]} Nd7 {[%emt 0:00:06]} 14. Qe2 {[%emt 0:00:08]} Ne5 {[%emt 0:00:
02]} 15. Bb6 {[%emt 0:00:13]} Qc6 {[%emt 0:00:13]} 16. Nd2 {[%emt 0:00:02]} Bd7
{[%emt 0:00:03]} 17. Rfd1 {[%emt 0:00:03]} Rac8 {[%emt 0:00:04]} 18. Rac1 {
[%emt 0:00:03]} Bf6 {[%emt 0:00:04]} 19. f4 {[%emt 0:00:07]} Ng6 {[%emt 0:00:
02]} 20. g3 {[%emt 0:01:00]} Bxc3 {[%emt 0:00:04]} 21. bxc3 {[%emt 0:00:02]}
Qxc3 {[%emt 0:00:06]} 22. Nf3 {[%emt 0:00:01]} Bc6 {[%emt 0:00:09]} 23. Rxd6 {
[%emt 0:00:09]} f5 {[%emt 0:00:11]} 24. Ng5 {[%emt 0:00:22]} Qa3 {[%emt 0:00:
26]} 25. Rxe6 {[%emt 0:00:04]} Qxc1+ {[%emt 0:00:03]} 26. Kf2 {[%emt 0:00:04]}
Bxe4 {[%emt 0:00:05]} 27. Nxe4 {[%emt 0:00:30]} Rxc2 {[%emt 0:00:04]} 28. Ng5 {
[%emt 0:00:15]} Rxe2+ {[%emt 0:00:05]} 29. Kxe2 {[%emt 0:00:01]} Qc2+ {[%emt 0:
00:06]} 30. Kf3 {[%emt 0:00:15]} Qb3+ {[%emt 0:00:03]} 31. Re3 {[%emt 0:00:03]}
Qd5+ {[%emt 0:00:01]} 32. Kf2 {[%emt 0:00:07]} h6 {[%emt 0:00:06]} 33. Nf3 {
[%emt 0:00:09]} Rc8 {[%emt 0:00:02]} 34. Re2 {[%emt 0:00:08]} h5 {[%emt 0:00:
10]} 35. Rd2 {[%emt 0:00:02]} Qe4 {[%emt 0:00:04]} 36. Re2 {[%emt 0:00:02]} Rc2
{[%emt 0:00:04]} 37. Rxc2 {[%emt 0:00:17]} Qxc2+ {[%emt 0:00:03]} 38. Kg1 {
[%emt 0:00:02]} h4 {[%emt 0:00:02]} 39. Ng5 {[%emt 0:00:06]} hxg3 {[%emt 0:00:
03]} 40. hxg3 {[%emt 0:00:01]} Qd1+ {[%emt 0:00:03]} 41. Kg2 {[%emt 0:00:02]}
Qe2+ {[%emt 0:00:02]} 42. Kh3 {[%emt 0:00:02]} Ne7 {[%emt 0:00:02]} 43. Bd8 {
[%emt 0:00:21]} Nd5 {[%emt 0:00:04] LovePoetry gibt auf} 0-1

[Event "T-Director's Swiss sytem"]
[Site "playchess.com #662980"]
[Date "2014.03.16"]
[Round "3"]
[White "LovePoetry"]
[Black "KARIM2007"]
[Result "0-1"]
[WhiteElo "1687"]
[BlackElo "2018"]
[PlyCount "98"]
[EventDate "2014.03.16"]
[EventType "swiss (blitz)"]

1. e4 {[%emt 0:00:01]} Nf6 {[%emt 0:00:02]} 2. e5 {[%emt 0:00:03]} Nd5 {[%emt
0:00:01]} 3. Nf3 {[%emt 0:00:03]} d6 {[%emt 0:00:01]} 4. Nc3 {[%emt 0:00:12]}
Nxc3 {[%emt 0:00:09]} 5. dxc3 {[%emt 0:00:04]} Bg4 {[%emt 0:00:01]} 6. Be2 {
[%emt 0:00:13]} e6 {[%emt 0:00:04]} 7. Bf4 {[%emt 0:00:13]} d5 {[%emt 0:00:23]}
8. O-O {[%emt 0:00:21]} Nd7 {[%emt 0:00:01]} 9. c4 {[%emt 0:00:05]} c6 {[%emt
0:00:05]} 10. cxd5 {[%emt 0:00:08]} cxd5 {[%emt 0:00:07]} 11. h4 {[%emt 0:00:
15]} Bxf3 {[%emt 0:00:09]} 12. Bxf3 {[%emt 0:00:04]} Qxh4 {[%emt 0:00:03]} 13.
Bg3 {[%emt 0:00:03]} Qg5 {[%emt 0:00:10]} 14. Re1 {[%emt 0:00:03]} Bc5 {[%emt
0:00:02]} 15. c4 {[%emt 0:00:06]} Qxg3 {[%emt 0:00:03]} 16. Qe2 {[%emt 0:00:11]
} O-O {[%emt 0:01:09]} 17. b4 {[%emt 0:00:03]} Bd4 {[%emt 0:00:25]} 18. Rad1 {
[%emt 0:00:12]} Qxe5 {[%emt 0:00:02]} 19. cxd5 {[%emt 0:00:08]} exd5 {[%emt 0:
00:13]} 20. Qb5 {[%emt 0:00:09]} Qf4 {[%emt 0:01:25]} 21. Qxd7 {[%emt 0:00:09]}
Be5 {[%emt 0:00:01]} 22. Qxd5 {[%emt 0:00:13]} Qh2+ {[%emt 0:00:03]} 23. Kf1 {
[%emt 0:00:02]} Rae8 {[%emt 0:00:19]} 24. Re4 {[%emt 0:00:11]} g6 {[%emt 0:00:
30]} 25. g3 {[%emt 0:00:13]} Qh3+ {[%emt 0:00:16]} 26. Bg2 {[%emt 0:00:09]} Qf5
{[%emt 0:00:01]} 27. Kg1 {[%emt 0:00:30] .} Qf6 {[%emt 0:00:03]} 28. Qxb7 {
[%emt 0:00:09]} Bd6 {[%emt 0:00:06]} 29. Red4 {[%emt 0:00:12]} Be5 {[%emt 0:00:
02]} 30. Rd7 {[%emt 0:00:04]} a5 {[%emt 0:00:01]} 31. bxa5 {[%emt 0:00:03]} Bc3
{[%emt 0:00:01]} 32. a6 {[%emt 0:00:06]} Re2 {[%emt 0:00:01]} 33. Qf3 {[%emt 0:
00:04]} Qxf3 {[%emt 0:00:02]} 34. Bxf3 {[%emt 0:00:01]} Rxa2 {[%emt 0:00:00]}
35. a7 {[%emt 0:00:02]} Kg7 {[%emt 0:00:03]} 36. a8=Q {[%emt 0:00:02]} Rfxa8 {
[%emt 0:00:01]} 37. Bxa8 {[%emt 0:00:01]} Rxa8 {[%emt 0:00:00]} 38. Rc7 {[%emt
0:00:10]} Be5 {[%emt 0:00:05]} 39. Re7 {[%emt 0:00:03]} Bf6 {[%emt 0:00:01]}
40. Rb7 {[%emt 0:00:03]} h5 {[%emt 0:00:02]} 41. Rdd7 {[%emt 0:00:02]} Rf8 {
[%emt 0:00:00]} 42. Kg2 {[%emt 0:00:02]} Bg5 {[%emt 0:00:01]} 43. Rd5 {[%emt 0:
00:09]} Bf6 {[%emt 0:00:01]} 44. Kf3 {[%emt 0:00:04]} Ba1 {[%emt 0:00:01]} 45.
Kf4 {[%emt 0:00:04]} Bf6 {[%emt 0:00:01]} 46. Rbd7 {[%emt 0:00:11]} g5+ {[%emt
0:00:01]} 47. Kf5 {[%emt 0:00:02]} h4 {[%emt 0:00:07]} 48. g4 {[%emt 0:00:02]}
Re8 {[%emt 0:00:06]} 49. Rd3 {[%emt 0:00:03]} Re5# {[%emt 0:00:02]} 0-1

[Event "T-Director's Swiss sytem"]
[Site "playchess.com #662980"]
[Date "2014.03.16"]
[Round "8"]
[White "LovePoetry"]
[Black "Schoutenj"]
[Result "0-1"]
[WhiteElo "1708"]
[BlackElo "1989"]
[PlyCount "96"]
[EventDate "2014.03.16"]
[EventType "swiss (blitz)"]

1. e4 {[%emt 0:00:02]} c5 {[%emt 0:00:02]} 2. Nf3 {[%emt 0:00:02]} Nc6 {[%emt
0:00:08]} 3. Bb5 {[%emt 0:00:03]} Nd4 {[%emt 0:00:01]} 4. Nxd4 {[%emt 0:00:08]}
cxd4 {[%emt 0:00:00]} 5. c3 {[%emt 0:00:02]} a6 {[%emt 0:00:04]} 6. Be2 {[%emt
0:00:08]} dxc3 {[%emt 0:00:01]} 7. dxc3 {[%emt 0:00:03]} e6 {[%emt 0:00:02]} 8.
O-O {[%emt 0:00:03]} b5 {[%emt 0:00:04]} 9. Be3 {[%emt 0:00:05]} Bb7 {[%emt 0:
00:01]} 10. Nd2 {[%emt 0:00:03]} Nf6 {[%emt 0:00:03]} 11. Bf3 {[%emt 0:00:08]}
d5 {[%emt 0:00:10]} 12. exd5 {[%emt 0:00:05]} Nxd5 {[%emt 0:00:02]} 13. Bd4 {
[%emt 0:00:13]} Bd6 {[%emt 0:00:25]} 14. c4 {[%emt 0:00:12]} bxc4 {[%emt 0:00:
04]} 15. Nxc4 {[%emt 0:00:02]} O-O {[%emt 0:00:03]} 16. Nxd6 {[%emt 0:00:10]}
Qxd6 {[%emt 0:00:02]} 17. Rc1 {[%emt 0:00:10]} Rac8 {[%emt 0:00:02]} 18. Qd2 {
[%emt 0:00:26]} Rxc1 {[%emt 0:00:23]} 19. Rxc1 {[%emt 0:00:02]} Rc8 {[%emt 0:
00:01]} 20. Rd1 {[%emt 0:00:16]} Qc7 {[%emt 0:00:18]} 21. g3 {[%emt 0:00:12]}
h6 {[%emt 0:00:09]} 22. b3 {[%emt 0:00:56]} Ne7 {[%emt 0:00:30]} 23. Bxb7 {
[%emt 0:00:28]} Qxb7 {[%emt 0:00:02]} 24. Bb2 {[%emt 0:00:23]} Nd5 {[%emt 0:00:
29]} 25. Qd4 {[%emt 0:00:04]} f6 {[%emt 0:00:09]} 26. Qg4 {[%emt 0:00:20]} Qc6
{[%emt 0:00:52]} 27. Rc1 {[%emt 0:00:27]} Qd7 {[%emt 0:00:04]} 28. Rxc8+ {
[%emt 0:00:01]} Qxc8 {[%emt 0:00:01]} 29. Qc4 {[%emt 0:00:06]} Qxc4 {[%emt 0:
00:11]} 30. bxc4 {[%emt 0:00:01]} Nb6 {[%emt 0:00:01]} 31. c5 {[%emt 0:00:01]}
Nc8 {[%emt 0:00:04]} 32. Kf1 {[%emt 0:00:08]} Kf7 {[%emt 0:00:00]} 33. Ke2 {
[%emt 0:00:01]} Ke7 {[%emt 0:00:00]} 34. Kd3 {[%emt 0:00:01]} Kd7 {[%emt 0:00:
00]} 35. Kc4 {[%emt 0:00:01]} Kc6 {[%emt 0:00:00]} 36. f4 {[%emt 0:00:08]} Ne7
{[%emt 0:00:05]} 37. Kb4 {[%emt 0:00:07]} Nd5+ {[%emt 0:00:04]} 38. Ka5 {[%emt
0:00:02]} Kxc5 {[%emt 0:00:02]} 39. Kxa6 {[%emt 0:00:01]} Nb4+ {[%emt 0:00:01]}
40. Kb7 {[%emt 0:00:09]} Nxa2 {[%emt 0:00:01]} 41. Kc7 {[%emt 0:00:01]} Kd5 {
[%emt 0:00:08]} 42. Kd7 {[%emt 0:00:01]} Nb4 {[%emt 0:00:03]} 43. Ke7 {[%emt 0:
00:02]} Nd3 {[%emt 0:00:03]} 44. Bc3 {[%emt 0:00:05]} e5 {[%emt 0:00:04]} 45.
Kf7 {[%emt 0:00:06]} g5 {[%emt 0:00:08]} 46. Kxf6 {[%emt 0:00:09]} gxf4 {[%emt
0:00:02]} 47. gxf4 {[%emt 0:00:01]} exf4 {[%emt 0:00:03]} 48. Ba5 {[%emt 0:00:
04]} f3 {[%emt 0:00:09] ' Zeit} 0-1

[Event "T-Director's Swiss sytem"]
[Site "playchess.com #662980"]
[Date "2014.03.16"]
[Round "1"]
[White "LovePoetry"]
[Black "kakdela"]
[Result "0-1"]
[WhiteElo "1686"]
[BlackElo "2403"]
[PlyCount "28"]
[EventDate "2014.03.16"]
[EventType "swiss (blitz)"]

1. e4 {[%emt 0:00:02]} e6 {[%emt 0:00:01]} 2. d4 {[%emt 0:00:03]} d5 {[%emt 0:
00:01]} 3. Nc3 {[%emt 0:00:03]} Nf6 {[%emt 0:00:02]} 4. Bg5 {[%emt 0:00:14]}
Bb4 {[%emt 0:00:04]} 5. e5 {[%emt 0:00:04]} h6 {[%emt 0:00:02]} 6. Bxf6 {[%emt
0:00:07]} gxf6 {[%emt 0:00:16]} 7. exf6 {[%emt 0:00:24]} Qxf6 {[%emt 0:00:12]}
8. Qf3 {[%emt 0:00:05]} Qxd4 {[%emt 0:00:06]} 9. Nge2 {[%emt 0:00:05]} Qe5 {
[%emt 0:00:12]} 10. O-O-O {[%emt 0:00:13]} a6 {[%emt 0:00:07]} 11. Nxd5 {[%emt
0:00:40]} exd5 {[%emt 0:00:04]} 12. Rxd5 {[%emt 0:00:02]} Qe7 {[%emt 0:00:05]}
13. Nd4 {[%emt 0:00:48]} Qe1+ {[%emt 0:00:05]} 14. Qd1 {[%emt 0:00:03]} Bd2+ {
[%emt 0:00:02] LovePoetry gibt auf} 0-1